Separatism Among Indian Muslims (Record no. 11633)

MARC details
000 -LEADER
fixed length control field 00671nam a2200253 a 4500
020 ## - INTERNATIONAL STANDARD BOOK NUMBER
ISBN 0191269
082 00 - DEWEY DECIMAL CLASSIFICATION NUMBER
Classification number 323.39710954
Author Cutter ROB
100 ## - MAIN ENTRY--AUTHOR NAME
Author name Robinson, Francis
245 ## - TITLE STATEMENT
Title Separatism Among Indian Muslims
260 ## - PUBLICATION, DISTRIBUTION, ETC. (IMPRINT)
Place of publication Londan
Name of publisher Oxford University Press
Year of publication 1994
300 ## - PHYSICAL DESCRIPTION
Number of Pages 468p
500 ## - GENERAL NOTE
General note includes index and biblioraphy
505 2# - FORMATTED CONTENTS NOTE
Formatted contents note Index
650 ## - SUBJECT ADDED ENTRY--TOPICAL TERM
Topical Term Muslims-India-United Provinces-Hist
650 ## - SUBJECT ADDED ENTRY--TOPICAL TERM
Topical Term United Provinces-Muslims
942 ## - ADDED ENTRY ELEMENTS (KOHA)
Koha item type Books
700 1# -
-- Robinson, Francis
Holdings
Collection code Home library Current library Date acquired Cost, normal purchase price Full call number Accession Number Koha item type
  Henry Martyn Institute Library Henry Martyn Institute Library 04/10/2007 190.00 323.39710954 ROB 015494 Books
                   Copyright © 2026 | Henry Martyn Institute | Hyderabad | TS-500052 | INDIA | Implemented by hmi.edu.in
Hit-Count:

Powered by Koha